000 01305nam a22002417a 4500
001 2047
005 20250821134434.0
020 _a9781407114521
040 _aFISKH
_beng
_cFISKH
_dFISKH
082 _a340
100 _aWright, Rachel
245 _aCrafty crime-busting /
_cTOTALLY IT'S ARRESTING RACHEL WRIGHT
260 _aLondon :
_bScholastic,
_c2010.
300 _a126 pages :
_c19 cm
505 _aM
520 _aFirst criminals could easily get away with murder. Then a killer was caught out by a bloody thumbprint. Now even microscopic clues can be used to collar crooks. This crafty guide gives you the low-down on how the experts crack crime. Sneak a peek inside and you'll uncover the correct way to dust for dabs, how to work out if someone's disguising their handwriting, and why a dead body can reveal crucial clues. Keep your eyes peeled and you'll discover how DNA solved the mystery of a missing princess, why maggots can help to convict a criminal, and which murderer sealed his fate by polishing his shoes. Plus: Try your hand at a spot of DIY detection. Have you got what it takes to crack a case?
521 _a700
_bLexile estimate
521 _aM
_bRaz-Plus
650 _acrime
650 _ainvestigation
700 _aRobertson, Royston
_cIllustrator
942 _2ddc
_cBK
_n0
999 _c2047
_d2047